000 00958nam a22003257a 4500
001 0000519
003 KOHA_MİRAKIL
005 20260207001212.0
007 ta
008 081212b2002 tu |||gr||||#0|||0|tur |
020 _a9756812605
_cYTL21,69
040 _aTR-BiSEU
_btur
_cTR-BiSEU
_erda
041 0 _atur
044 _ctu
050 _aQA76.73.P2
_bO94 2002
100 1 _aÖzel, Galip.
245 1 _aİleri düzeyde Pascal/
_cGalip Özel ; Galip Özel.
264 1 _aİstanbul :
_bTürkmen Kitabevi
_c2002
300 _a415 sayfa
336 _ametin
_btxt
_2rdacontent
337 _aaracısız
_bn
_2rdamedia
338 _acilt
_bnc
_2rdacarrier
490 1 _aTürkmen Kitabevi Yayın No ;
_v200.
490 1 _aBilgisayar Dizisi ;
_v99.
650 0 _aPascal (Bilgisayar program dili).
_92738
830 1 _aTürkmen Kitabevi Yayın No ;
_v200.
_92739
830 1 _aBilgisayar Dizisi ;
_v99.
_92740
907 _aBilgisayar
942 _2lcc
_cBK
999 _c520
_d520